Communes de France par questions Mathématiques #2 - Statistiques

Statistiques générales
  • Ce quiz a été pris 42 fois
  • Le résultat moyen est 13 sur 20
Statistiques - réponses
Hint Réponse % Correct
Commune Française, préfecture du département qui par son numéro poursuit la suite de Fibonacci 0, 1, 1, 2, 3, 5, 8, 13, ? Dijon
89%
Commune Française qui a pour code postal la racine carrée de 100 millions Troyes
86%
Commune Française, préfecture du département correspondant aux 2 premiers chiffres après la virgule du nombre Pi Caen
84%
Commune Française qui a pour code postal l addition des codes postaux de Mende et La Rochelle Tarbes
76%
Commune Française, préfecture du département que l on obtient en retirant l Ariège du temps réglementaire d un match de handball Châlons en Champagne
73%
Commune Française qui a pour code postal le cube de 40 Pau
73%
Commune Française, préfecture du département que l on obtient en retirant l Aveyron du temps réglementaire d un match de basketball français Chartres
70%
Commune Française, préfecture du département que l on obtient en faisant Somme - Eure Laval
70%
Commune Française, préfecture du département que l on obtient en faisant (Côte d Or + Côtes d Armor) x Aisne Poitiers
70%
Commune Française qui a pour code postal la racine carrée de 256 millions Angoulême
68%
Commune Française, préfecture du département qui a pour code l équivalent du nombre de cases au jeu de l' oie Clermont-Ferrand
68%
Commune Française qui a pour code commune/ INSEE métropolitain le 22222 (2 premiers chiffres = département et 3 derniers chiffres = ordre alphabétique) Plouha
68%
Commune Française, préfecture que l on obtient grâce à sa sous préfecture qui a pour code 697513 selon le modèle A=1 B=2 C=3 etc I=9 Cahors
59%
Commune Française, préfecture qui se situe entre Blois et Agen sur la liste des nombres premiers correspondant aux numéros de départements Le Puy-en-Velay
59%
Commune Française, préfecture que l on obtient grâce à sa sous préfecture qui a pour code ENQAZBG selon le modèle A=B B=C C=D etc Z=A Metz
59%
Commune Française la plus éloignée de la mer à vol d'oiseau (en Métropole) Artolsheim
54%
Commune Française qui est la seule à ne compter qu'un seul habitant en 2023 Rochefourchat
43%
Commune Française qui formerait un triangle équilatéral quasiment parfait (sur une surface plane) avec les communes de Sainte-Foy-les-Lyon (69) et Saint-Ouen-l'Aumone (95) ? Saintes
41%
Commune Française hors Calvados qui partage "numériquement/approximativement/symboliquement" une partie de la commune de Carentan. Leucate
32%
Commune Française qui a pour code commune/ INSEE métropolitain le 11111 (2 premiers chiffres = département et 3 derniers chiffres = ordre alphabétique) Cruscades
24%
Aucun quiz correspondant
Distribution des résultats
% des personnes avec chaque résultat
Percentile par nombre de réponses
Votre historique - résultats
Vous n’avez pas pris ce quiz